Tilastot visalle Lähi-idän valtiot tyhjällä kartalla

Klikkaa tästä pelataksesi tätä visaa!

Yleistilastot

  • Tätä visaa on pelattu 670 kertaa
  • Keskiarvotulos 16 / 17

Vastaukset kartalla

Vastauksille on annettu kartalla punavihreä väri sen mukaan, kuinka moni on saanut sen oikein.
Ladataan ...
 

Vastaustilastot

Valtio% Oikein
Iran
99%
Irak
99%
Israel
98%
Palestiinalaisalueet
98%
Saudi-Arabia
98%
Jemen
97%
Oman
97%
Syyria
95%
Turkki
93%
Qatar
93%
Jordania
92%
Yhdistyneet arabiemiirikunnat
89%
Libanon
88%
Kuwait
87%
Egypti
86%
Bahrain
83%
Kypros
79%

Tulosjakauma

Persentiili vastausten määrän mukaan

Jokaisen tuloksen saaneiden osuus

Tuloshistoriasi

Et ole pelannut tätä visaa